000 00528nam a2200181Ia 4500
005 20250508160605.0
008 008 250505s9999 xx 000 0 eng d
037 _aTextual
040 _aFEDL
_beng
_cFEDL
041 _aeng
_2eng
084 _a370.193 940, GRA
_qFEDL
100 _aGrant Nigel
_9269966
245 0 _aSociety, schools and progress in Eastern Europe
260 _aOxford
_bPergamon Press Ltd
_c1969
300 _axxvi,363p
942 _cTEXL
_h370.193 940, GRA
999 _c1365494
_d1365494